Les Pokémon de type Combat - Statistiques

Statistiques générales
  • Ce quiz a été pris 862 fois
    558 depuis la dernière actualisation
  • Le résultat moyen est 35 sur 54
Statistiques - réponses
Hint Réponse % Correct
066 Machoc
98%
067 Machopeur
98%
068 Mackogneur
96%
107 Tygnon
94%
106 Kicklee
93%
057 Colossinge
88%
056 Férosinge
88%
237 Kapoera
88%
236 Debugant
87%
308 Charmina
79%
297 Hariyama
79%
538 Judokrak
78%
448 Lucario
78%
534 Bétochef
77%
257 Braségali
77%
539 Karaclée
77%
447 Riolu
77%
256 Galifeu
76%
296 Makuhita
76%
533 Ouvrifier
76%
307 Méditikka
75%
532 Charpenti
74%
392 Simiabraz
74%
391 Chimpenfeu
72%
500 Roitiflam
69%
062 Tartard
69%
499 Grotichon
67%
701 Brutalibré
63%
620 Shaofouine
62%
639 Terrakium
62%
638 Cobaltium
61%
619 Kungfouine
61%
647 Keldeo
60%
640 Viridium
60%
214 Scarhino
57%
286 Chapignon
53%
475 Gallame
52%
652 Blindépique
49%
454 Coatox
48%
453 Cradopaud
48%
675 Pandarbare
48%
674 Pandespiègle
48%
560 Baggaïd
47%
559 Baggiguane
47%
740 Crabominable
46%
794 Mouscoto
45%
739 Crabagarre
43%
802 Marshadow
42%
795 Cancrelove
40%
760 Chelours
34%
784 Ekaïser
34%
783 Ecaïd
32%
759 Nounourson
32%
766 Quartermac
29%
Aucun quiz correspondant
Distribution des résultats
% des personnes avec chaque résultat
Percentile par nombre de réponses
Votre historique - résultats
Vous n’avez pas pris ce quiz depuis la dernière actualisation